|
|
|
|
| LEADER |
00881pam a22002298a 4500 |
| 001 |
00021783 |
| 005 |
20171026081022.0 |
| 008 |
110526s ||||||Viesd |
| 041 |
0 |
# |
|a Vie
|
| 082 |
1 |
# |
|a 579
|b GI108TR
|
| 110 |
|
|
|a Đại học Cần Thơ
|b Khoa Nông nghiệp
|
| 245 |
0 |
0 |
|a Giáo trình vi sinh vật
|b Ngành : Công nghệ sinh học
|c Khoa Nông nghiệp
|
| 260 |
# |
# |
|a Cần Thơ
|b ĐH Cần Thơ
|
| 300 |
# |
# |
|a 179 tr.
|c 29 cm.
|
| 650 |
|
|
|a Vi sinh vật
|
| 653 |
# |
# |
|a Sinh học
|
| 852 |
# |
# |
|b Kho giáo trình
|j KGT.0009878, KGT.0009879, KGT.0009880, KGT.0009881
|
| 852 |
# |
# |
|b Kho mượn
|j KGT.0009878
|
| 852 |
# |
# |
|b Kho đọc
|j KD.0007814
|
| 852 |
# |
# |
|j KGT.0009881
|j KGT.0009880
|j KD.0007814
|j KGT.0009878
|j KGT.0009879
|
| 910 |
# |
# |
|a nhnam
|d 26/05/2011
|
| 980 |
# |
# |
|a Trung tâm Học liệu Lê Vũ Hùng, Trường Đại học Đồng Tháp
|